Dirigeants Mondiaux au XXIème Siècle - Mort Subite - Statistiques

Statistiques générales
  • Ce quiz a été pris 358 fois
    60 depuis la dernière actualisation
  • Le résultat moyen est 12 sur 16
Answers on the Grid
Answers color-coded by a green-red scale on the quiz's grid according to % correct below.
Al Gore
Alexandre Loukachenko
Alexeï Navalny
Alice Weidel
Bassirou Diomaye Faye
Benoît Hamon
Bernie Sanders
Boris Najdejdine
Cyril Ramaphosa
Dilma Rousseff
Dmitri Medvedev
Donald Trump
Edmundo González Urrutia
Emmanuel Macron
Hillary Clinton
Jair Bolsonaro
Javier Milei
Jean Luc Mélenchon
Jill Stein
Joe Biden
Justin Trudeau
Keir Starmer
Kemal Kılıçdaroğlu
Kemi Badenoch
Kim Jong Un
Narendra Modi
Ron DeSantis
Valérie Pécresse
Vladimir Poutine
Xi Jinping
 
Statistiques - réponses
Réponse % Correct
Donald Trump
96%
Emmanuel Macron
94%
Vladimir Poutine
94%
Xi Jinping
94%
Kim Jong Un
90%
Joe Biden
88%
Justin Trudeau
88%
Jair Bolsonaro
82%
Javier Milei
80%
Alexandre Loukachenko
78%
Dmitri Medvedev
67%
Narendra Modi
63%
Keir Starmer
53%
Bassirou Diomaye Faye
41%
Dilma Rousseff
37%
Cyril Ramaphosa
35%
Aucun quiz correspondant
Distribution des résultats
% des personnes avec chaque résultat
Percentile par nombre de réponses
Votre historique - résultats
Vous n’avez pas pris ce quiz depuis la dernière actualisation